Ημερίδα με θέμα : ελληνικό μάρμαρο : πρακτικά

Αποθηκεύτηκε σε:
Λεπτομέρειες βιβλιογραφικής εγγραφής
Άλλοι συγγραφείς: Τσιραμπίδης, Ανανίας Ε., 1949- (Επιμελητής έκδοσης)
Μορφή: Βιβλίο
Γλώσσα:Greek
Δημοσίευση: Θεσσαλονίκη : University Studio Press, 2001
Θέματα:
Ετικέτες: Προσθήκη ετικέτας
Δεν υπάρχουν, Καταχωρήστε ετικέτα πρώτοι!

MARC

LEADER 00000cam a2200000 i 4500
001 1/58820
008 020221s2001 gre d
020 |a 960-12-1008-3 
035 |l 10000395 
040 |a GR-MY-UA  |b gre  |e aacr 
041 0 |a gre 
082 0 |a 553.512 
245 1 0 |a Ημερίδα με θέμα :  |b ελληνικό μάρμαρο : πρακτικά /  |c επιμέλεια Ανανίας Τσιραμπίδης 
260 |a Θεσσαλονίκη :   |b University Studio Press,   |c 2001 
300 |a 171 σ.;  |b εικ.;  |c 24 εκ. 
650 0 0 |a Marble  |z Greece  |x Congresses. 
700 1 |a Τσιραμπίδης, Ανανίας Ε.,   |d 1949-  |4 edt 
852 |a INST  |b LESVOS  |e 20020221  |h 553.512 ΗΜΕ  |p 005100028357  |q 005100028357  |t BK  |y 0 
901 |a BIBL1-2002-1 
909 |a Λ  |b 100917 
970 |a ΜΟΥΣΤΑΚΑ  |b ΠΗΝΕΛΟΠΗ  |z 2002/02/21